书目信息 |
| 题名: |
混凝土工程施工现场常见问题详解
|
|
| 作者: | 陈高峰 主编 | |
| 分册: | ||
| 出版信息: | 北京 知识产权出版社 2013 |
|
| 页数: | 174页 | |
| 开本: | 26cm | |
| 丛书名: | 建筑工程施工现场常见问题详解系列丛书 | |
| 单 册: | ||
| 中图分类: | TU755 | |
| 科图分类: | ||
| 主题词: | 混凝土施工 , 混凝土施工--基本知识 | |
| 电子资源: | ||
| ISBN: | 978-7-5130-1902-6 | |
| 000 | 00987oam2 2200253 450 | |
| 001 | 141449 | |
| 005 | 20141106153108.37 | |
| 010 | @a978-7-5130-1902-6@dCNY 35.00 | |
| 100 | @a20130923d2013 em y0chiy50 ea | |
| 101 | 0 | @achi |
| 102 | @aCN@b110000 | |
| 105 | @ay z 000yy | |
| 200 | 1 | @a混凝土工程施工现场常见问题详解@9hun ning tu gong cheng shi gong xian chang chang jian wen ti xiang jie@b专著@f陈高峰主编 |
| 210 | @a北京@c知识产权出版社@d2013 | |
| 215 | @a174页@d26cm | |
| 225 | 2 | @a建筑工程施工现场常见问题详解系列丛书 |
| 330 | @a本书以现行国家标准、行业规范为依据,以施工现场“常见问题”的编写方式详细阐述了混凝土工程在施工过程中的常见问题及施工技术。全书共分为七章,内容主要包括:模板工程、钢筋工程、预应力工程、混凝土工程、现浇结构工程、装配式结构工程、冬期施工。 | |
| 461 | 0 | @1001006788346 |
| 606 | 0 | @a混凝土施工 |
| 606 | 0 | @a混凝土施工@x基本知识 |
| 690 | @aTU755@v5 | |
| 701 | 0 | @a陈高峰@9chen gao feng@4主编 |
| 801 | 0 | @c20141106 |
| 905 | @a241430@dTU755@eC420 | |
| 混凝土工程施工现场常见问题详解/陈高峰主编.-北京:知识产权出版社,2013 |
| 174页;26cm.-(建筑工程施工现场常见问题详解系列丛书) |
| ISBN 978-7-5130-1902-6:CNY 35.00 |
| 本书以现行国家标准、行业规范为依据,以施工现场“常见问题”的编写方式详细阐述了混凝土工程在施工过程中的常见问题及施工技术。全书共分为七章,内容主要包括:模板工程、钢筋工程、预应力工程、混凝土工程、现浇结构工程、装配式结构工程、冬期施工。 |
| ● |
| 相关链接 |
|
|
|
正题名:混凝土工程施工现场常见问题详解
索取号:TU755/C420
 
预约/预借
| 序号 | 登录号 | 条形码 | 馆藏地/架位号 | 状态 | 备注 |
| 1 | 0837963 | 208379636 | 建筑库201/201建筑库 42排1列1层/ [索取号:TU755/C420] | 在馆 | |
| 2 | 0837964 | 208379645 | 建筑库201/201建筑库 42排1列1层/ [索取号:TU755/C420] | 在馆 | |
| 3 | 0837965 | 208379654 | 土木与交通工程学院资料室/土木与交通学院资料室 1排1列1层/ [索取号:TU755/C420] | 在馆 |